000 00566nam a2200217 a 4500
999 _c4748
_d4748
001 4748
003 BD-JhCC
005 20171203093539.0
008 171203s1972 ii a|||| ||| 000 0 eng d
035 _a(BD-JhCC)4748
040 _aBD-JhCC
_dBD-JhCC
041 _aeng
082 _a954.9205
_bPAL 1972
100 _aPalit, D. K.
245 _aThe Lightning Campaign /
_c D. K. Palit,
260 _aNew Delhi :
_bThomson Press (India) Ltd,
_c1972.
300 _a166 p. :
_c24 cm.
650 _aIndia-Pakistan Conflict (1971)
942 _2ddc
_cBK